| Tag |
First Indicator |
Second Indicator |
Subfields |
| LEADER |
00000cam a22000008i 4500 |
| 001 |
in00005692421 |
| 005 |
20260310204211.5 |
| 008 |
250924t20262026inu b 001 0 eng c |
| 010 |
|
|
|a 2025043704
|
| 040 |
|
|
|a DLC
|e rda
|c DLC
|d TXA
|
| 020 |
|
|
|a 9780253074799
|q hardback
|
| 020 |
|
|
|a 0253074797
|
| 020 |
|
|
|a 9780253074805
|q paperback
|
| 020 |
|
|
|a 0253074800
|
| 020 |
|
|
|z 9780253074829
|q epub
|
| 035 |
|
|
|a (OCoLC)1504962932
|
| 043 |
|
|
|a fb-----
|
| 050 |
0 |
0 |
|a PN1995.9.A43
|b G33 2026
|
| 082 |
0 |
0 |
|a 791.436267
|2 23/eng/20250924
|
| 100 |
1 |
|
|a Gabara, Rachel,
|e author.
|
| 245 |
1 |
0 |
|a Documentary objectives :
|b filming Africa from colonialism to independence /
|c Rachel Gabara.
|
| 264 |
|
1 |
|a Bloomington :
|b Indiana University Press,
|c [2026].
|
| 264 |
|
4 |
|c ©2026.
|
| 300 |
|
|
|a viii, 340 pages :
|b illustrations ;
|c 24 cm.
|
| 336 |
|
|
|a text
|b txt
|2 rdacontent
|
| 337 |
|
|
|a unmediated
|b n
|2 rdamedia
|
| 338 |
|
|
|a volume
|b nc
|2 rdacarrier
|
| 504 |
|
|
|a Includes bibliographical references (pages 307-319) and index.
|
| 505 |
0 |
|
|g Part 1:
|t French Colonial Documentary, 1906-1960 --
|g 1.
|t Conquest: Actualities to Propaganda --
|g 2.
|t Adventure: Expeditions and the Grand Documentaire --
|g 3.
|t Research: Ethnographic Filmmaking --
|g Part 2:
|t West and Central African Documentary, 1960-2023 --
|g 4.
|t Independence: Renewing Nonfiction --
|g 5.
|t Expansion: Ethnography Remade --
|g 6.
|t Dialogue: Introspection and Interaction.
|
| 520 |
|
|
|a For over a century, filmmakers have been shooting documentaries in west and central Africa, a region that included the colonies of French West and equatorial Africa and now encompasses fourteen nations and nearly 200 million people. Documentary Objectives offers a rich history of these films, until now largely ignored by scholars. Author Rachel Gabara shows the crucial role they played in the development of both European and African cinemas, arguing that their recovery as a nonfiction tradition transforms our understanding of documentary itself. Grounded in extensive archival research, Gabara's book traces fifty years of French colonial documentary in sub-Saharan Africa-propaganda-infused travel, hunting, expedition and ethnographic films-from its beginnings in 1906 to the present. Following independence, African directors reclaimed their cinematic image by challenging outsider claims to authenticity and developing new models for nonfiction. Gabara highlights the nearly forgotten innovations of early decades and analyzes recent works that have attracted a wider audience on the continent and internationally. In a complex network of images and languages and across a dynamic range of modes, African documentarists have remade a global art form rooted in oppression, exoticization and a simplistic conception of filmic realism. By recounting a history of nonfiction film in which Europe and Africa were inextricably linked, Documentary Objectives brings together traditions that have been both marginalized and kept apart, charting new ground in the disciplines of film studies, African studies and French and Francophone studies.
|
| 650 |
|
0 |
|a Documentary films
|z Africa, Sub-Saharan
|x History and criticism.
|
| 651 |
|
0 |
|a Africa, Sub-Saharan
|x In motion pictures.
|
| 650 |
|
7 |
|a PERFORMING ARTS / Film / Genres / Documentary.
|2 bisacsh
|
| 650 |
|
7 |
|a HISTORY / Africa / General.
|2 bisacsh
|
| 948 |
|
|
|h NO HOLDINGS IN TXA - 7 OTHER HOLDINGS
|
| 994 |
|
|
|a Z0
|b TXA
|
| 999 |
f |
f |
|i f639f693-c22f-43ff-b4f3-26253f5f86df
|s bea73801-3ef3-485b-96a8-4b8d58fed29f
|t 0
|
| 952 |
f |
f |
|p normal
|a Texas A&M University
|b College Station
|c Sterling C. Evans Library
|s Evans stk
|d Evans: Library Stacks
|t 0
|e PN1995.9.A43 G33 2026
|h Library of Congress classification
|i unmediated -- volume
|m A14852407122
|
| 998 |
f |
f |
|a PN1995.9.A43 G33 2026
|t 0
|l Evans: Library Stacks
|